000 00858nam a22002417a 4500
003 DO-SdBNP
005 20220822073751.0
008 161020b1986 sp|| 00| 0 spa d
020 _a8429425098
040 _aBPMSU
_bspa
_cBPMSU
082 _aR912
_bA881b 1986
_222
245 0 0 _aAtlas básico Santillana /
_ccoordinador José Luis Gil...[y otros]
260 _aMadrid :
_bConsejo Superior Geográfico ;
_bSantillana,
_c1986
300 _a159 p. :
_bil. :
_c30 cm
505 _tLa realidad y su Representación .--
_tGeografía astronómica.--
_tEl mundo y sus continente.--
_tEspaña y sus comunidades autónomas.--
590 _6Inventariado, 2022/VM
650 4 _aAtlas.
650 4 _aGeogafía
_xEnseñanza básica
700 1 _aGil, José Luis
_ecoordinador
710 2 _aConsejo Superior Geográfico (España)
910 _aVMateo V.
942 _2ddc
_cBK
999 _c11618
_d11618